000 00316nam a22001217a 4500
999 _c9605
_d9605
003 OSt
008 201210b ||||| |||| 00| 0 eng d
245 _aSeminar
250 _a2007(May, Apr, Jun, Jul, Nov, Aug, Dec)
260 _aNew Delhi
_bAFL Pvt. Ltd. (Malvika Singh)
650 _aApplied Science
942 _2ddc
_cBV